| 000 | 00537nam a2200133Ia 4500 | ||
|---|---|---|---|
| 008 | 171212s9999 xx 000 0 und d | ||
| 020 | _a9780874216271 | ||
| 100 | _aJohnson, Melvin C | ||
| 245 |
_cJohnson, Melvin C _aPolygamy on the Pedernales _bLyman Wight's Mormon Village in Antebellum Texas |
||
| 260 |
_bUniversity Press of Colorado _c2006 |
||
| 650 | _aChurch of Jesus Christ of Latter-day Saints -- Texas -- History; Wight, Lyman; Texas -- Church history | ||
| 650 | _aHistory | ||
| 856 | _uwww.jstor.org/stable/10.2307/j.ctt4cgp7m | ||
| 999 |
_c353151 _d353151 |
||